[Event "5th EKA IIFL Investment 2019"]
[Site "Mumbai"]
[Date "2020.01.02"]
[Round "4.43"]
[White "Rathnakaran, K.."]
[Black "Parnali, S Dharia"]
[Result "1/2-1/2"]
[WhiteElo "2322"]
[BlackElo "2102"]
[Annotator "ChessBase"]
[PlyCount "111"]
[EventDate "2019.12.30"]
[EventType "swiss"]
[EventCountry "IND"]
[SourceTitle "playchess.com"]
[Source "ChessBase"]
[SourceQuality "1"]
[TimeControl "40/5400+30:1800+30"]

1. e4 {[%emt 0:00:00]} e5 {[%emt 0:00:00]} 2. Nf3 {[%emt 0:00:00]} Nc6 {[%emt 0:00:00]} 3. Bc4 {[%emt 0:00:00]} Nf6 {[%emt 0:00:00]} 4. d3 {[%emt 0:00:00]} Bc5 {[%emt 0:00:09]} 5. c3 {[%emt 0:00:00]} a6 {[%emt 0:00:23]} 6. Bb3 {[%emt 0:00:00]} Ba7 {[%emt 0:00:22]} 7. Be3 {[%emt 0:00:03]} d6 {[%emt 0:00:52]} 8. Nbd2 {[%emt 0:00:09]} Qe7 {[%emt 0:03:23]} 9. Nf1 {[%emt 0:00:17]} Be6 {[%emt 0:00:22]} 10. Bxa7 {[%emt 0:00:06]} Nxa7 {[%emt 0:01:42]} 11. Ne3 {[%emt 0:00:05]} O-O-O {[%emt 0:01:42]} 12. c4 {[%emt 0:00:18]} Kb8 {[%emt 0:07:04]} 13. a4 {[%emt 0:00:12]} c6 {[%emt 0:04:04]} 14. Qc2 {[%emt 0:00:48]} Ng4 {[%emt 0:03:06]} 15. a5 {[%emt 0:01:37]} Rhf8 {[%emt 0:04:07]} 16. Ba4 {[%emt 0:01:28]} Nxe3 {[%emt 0:01:39]} 17. fxe3 {[%emt 0:00:06]} f5 {[%emt 0:00:02]} 18. h3 {[%emt 0:01:33]} fxe4 {[%emt 0:04:47]} 19. dxe4 {[%emt 0:00:06]} d5 {[%emt 0:08:08]} 20. cxd5 {[%emt 0:00:39]} Qb4+ {[%emt 0:01:03]} 21. Qc3 {[%emt 0:00:06]} Qxc3+ {[%emt 0:01:35]} 22. bxc3 {[%emt 0:00:06]} cxd5 {[%emt 0:00:05]} 23. O-O {[%emt 0:00:35]} dxe4 {[%emt 0:03:49]} 24. Ng5 {[%emt 0:04:08]} Bf5 {[%emt 0:05:14]} 25. Bb3 {[%emt 0:01:15]} Rf6 {[%emt 0:02:38]} 26. Bc2 {[%emt 0:01:03]} Nb5 {[%emt 0:03:33]} 27. Bxe4 {[%emt 0:00:22]} Bxe4 {[%emt 0:05:13]} 28. Nxe4 {[%emt 0:00:05]} Rc6 {[%emt 0:00:11]} 29. Rf7 {[%emt 0:00:06]} Rc4 {[%emt 0:18:11]} 30. Ng5 {[%emt 0:00:45]} Rxc3 {[%emt 0:03:15]} 31. Rxg7 {[%emt 0:00:20]} h5 {[%emt 0:03:24]} 32. e4 {[%emt 0:01:53]} Nd4 {[%emt 0:03:44]} 33. Rh7 {[%emt 0:02:52]} Ne2+ {[%emt 0:03:19]} 34. Kh2 {[%emt 0:00:26]} Nf4 {[%emt 0:05:33]} 35. Ra2 {[%emt 0:02:04]} Rdc8 {[%emt 0:02:46]} 36. Nf7 {[%emt 0:03:27]} R3c7 {[%emt 0:00:22]} 37. Rd2 {[%emt 0:00:40]} h4 {[%emt 0:01:45]} 38. Ng5 {[%emt 0:02:51]} Rc2 {[%emt 0:00:32]} 39. Rhd7 {[%emt 0:00:12]} R8c5 {[%emt 0:00:52]} 40. Nf3 {[%emt 0:00:00]} Rxd2 {[%emt 0:00:00]} 41. Rd6 Rd3 42. Rxd3 {[%emt 0:01:03]} Rxa5 {[%emt 0:01:17]} 43. Rd2 {[%emt 0:00:07]} Ra4 {[%emt 0:00:29]} 44. Nxh4 {[%emt 0:00:50]} Ne6 {[%emt 0:00:55]} 45. g3 {[%emt 0:00:48]} Rd4 46. Nf3 Rxe4 {[%emt 0:01:44]} 47. h4 {[%emt 0:00:34]} Re3 {[%emt 0:08:40]} 48. Ng1 {[%emt 0:05:47]} a5 {[%emt 0:04:00]} 49. Rd6 {[%emt 0:02:20]} Nd4 {[%emt 0:01:40]} 50. h5 {[%emt 0:00:10]} Rc3 {[%emt 0:04:29]} 51. Rd8+ {[%emt 0:02:18]} Kc7 {[%emt 0:01:10]} 52. Ra8 {[%emt 0:00:08]} Rc2+ {[%emt 0:01:07]} 53. Kh3 {[%emt 0:00:08]} Rc1 {[%emt 0:00:06]} 54. Kg2 {[%emt 0:03:24]} Rc2+ {[%emt 0:00:01]} 55. Kh3 {[%emt 0:06:36]} Rc1 {[%emt 0:00:06]} 56. Kh2 {[%emt 0:00:35]} 1/2-1/2

[Event "5th EKA IIFL Investment 2019"]
[Site "Mumbai"]
[Date "2020.01.02"]
[Round "4.44"]
[White "Shailesh, Dravid"]
[Black "Tarini Goyal"]
[Result "1/2-1/2"]
[WhiteElo "2311"]
[BlackElo "2098"]
[Annotator "TA"]
[PlyCount "127"]
[EventDate "2019.12.30"]
[EventType "swiss"]
[EventCountry "IND"]
[SourceTitle "playchess.com"]
[Source "ChessBase"]
[SourceQuality "1"]

{[%evp 15,127,28,35,-10,-9,-55,-45,-90,-94,-123,-129,-133,-113,-92,-50,-110,-68,-72,-68,-93,-31,-31,-22,-77,-86,-78,-55,-131,-71,-89,-85,-97,-83,-94,-37,-73,-75,-139,-137,-173,-168,-154,-98,-135,-127,-178,-166,-156,-115,-227,-181,-183,-156,-156,-88,-120,-127,-142,-95,-101,-23,-19,0,0,0,0,0,0,0,0,0,0,0,0,0,0,0,0,0,0,0,0,0,0,0,0,0,0,0,0,0,0,0,0,0,0,0,0,0,0,0,0,0,0,0,0,0,0,0,0,0,0,0,0]} 1. e4 c6 2. d4 d5 3. Nd2 dxe4 4. Nxe4 Bf5 5. Ng3 Bg6 6. h4 h6 7. Nf3 e6 8. Ne5 Bh7 9. Be3 {B19: Classical Caro-Kann: 4...Bf5 main line} (9. Bd3 Bxd3 10. Qxd3 Nd7 11. Bf4 Nxe5 12. Bxe5 Qa5+ 13. c3 Nf6 14. b4 Qd8 15. Rd1 {½-½ (15) Nisipeanu,L (2656)-Dreev,A (2671) Zagreb 2019}) 9... Nd7 10. Nd3 Ngf6 11. c4 {Black is slightly better.} Bd6 12. f4 O-O 13. Qf3 Re8 14. Be2 Qc7 15. c5 ({White should try} 15. O-O $15) 15... Bf8 16. O-O Nd5 17. Bd2 $146 N7f6 (17... Qd8 $17) 18. Ne5 b6 19. Rac1 (19. b4 $11) 19... bxc5 $17 20. dxc5 a5 21. Qf2 (21. Bd3 $15) 21... Rab8 (21... Reb8 $142 22. Qd4 Nb4) 22. b3 {[#]} a4 $1 {[%mdl 512]} 23. Bc4 (23. bxa4 Rb2) 23... axb3 24. axb3 Nd7 ({Black should play} 24... Be7 $17 25. h5 Red8) 25. Nxd7 Qxd7 26. Rfe1 (26. f5 $142) 26... Be7 $36 {[%mdl 2048] Black is on the roll.} 27. Ne4 Bxe4 28. Rxe4 {[#]} Qa7 (28... Nf6 $142 $1 {[%cal Rf6e4]} 29. Re2 Ng4) 29. Bxd5 exd5 ({Much worse is} 29... cxd5 $6 30. Ra4 $11) 30. Ra4 (30. Re3 $17 {was called for.}) 30... Qd7 $19 31. b4 Qg4 32. Ra6 (32. Qf3 $17 Qxh4 33. Qh3) 32... Bxh4 33. Qf3 Qxf3 34. gxf3 Rec8 ({Better is} 34... Re2 35. Bc3 Rc8) 35. Rca1 Bf6 36. R1a3 Kh7 37. f5 g6 (37... g5 $17 {With the idea ...Kg7.} 38. fxg6+ Kxg6) 38. Ra7 $1 $11 {[%cal Ra7f7]} gxf5 {The position is equal.} 39. Rxf7+ Kg6 40. Rd7 Ra8 41. Rxa8 Rxa8 {[%mdl 4096] Endgame KRB-KRB} 42. Rd6 Kf7 43. Rxc6 Ra1+ 44. Kf2 Ra2 45. Ke1 Ra1+ 46. Ke2 Ra2 47. Rc7+ Ke6 48. Rc6+ Ke7 49. Kd3 {Black must now prevent Bc3.} Ra3+ 50. Kc2 Ra2+ 51. Kd1 Ra1+ 52. Ke2 Ra2 {Hoping for ...Bg5.} 53. Rd6 Bc3 54. Rxd5 {aiming for c6.} Bxb4 {Strongly threatening ...Ke6.} 55. c6 {c7 is the strong threat.} Bxd2 56. Rxd2 Rxd2+ 57. Kxd2 {KPP-KPP} Kd6 58. Ke3 h5 59. Kf2 $1 Kxc6 (59... h4 $5 60. Kg2 $8 f4 $11) 60. Kg3 Kd5 61. Kh4 Kd4 62. Kxh5 Ke3 63. Kg5 Kxf3 {( -> ...f4)} 64. Kxf5 {Accuracy: White = 42%, Black = 57%.} 1/2-1/2

[Event "5th EKA IIFL Investment 2019"]
[Site "Mumbai"]
[Date "2020.01.02"]
[Round "4.45"]
[White "Shiva Pavan Teja Sharma U"]
[Black "Krishnater Kushager"]
[Result "0-1"]
[WhiteElo "2072"]
[BlackElo "2308"]
[Annotator "NA"]
[PlyCount "69"]
[EventDate "2019.12.30"]
[EventType "swiss"]
[EventCountry "IND"]
[SourceTitle "playchess.com"]
[Source "ChessBase"]
[SourceQuality "1"]
[TimeControl "40/5400+30:1800+30"]

1. e4 {[%emt 0:00:00]} c5 {[%emt 0:00:00]} 2. Nf3 {[%emt 0:00:02]} Nc6 {[%emt 0:00:00]} 3. d4 {[%emt 0:00:24]} cxd4 {[%emt 0:00:00]} 4. Nxd4 {[%emt 0:00:08]} Nf6 {[%emt 0:00:00]} 5. Nc3 {[%emt 0:00:21]} e5 {[%emt 0:00:00]} 6. Ndb5 {[%emt 0:01:10]} d6 {[%emt 0:00:00]} 7. Bg5 {[%emt 0:00:38]} a6 {[%emt 0:00:02]} 8. Na3 {[%emt 0:00:18]} b5 {[%emt 0:00:08]} 9. Nd5 {[%emt 0:00:33]} Be7 {[%emt 0:00:06]} 10. Bxf6 {[%emt 0:00:21]} Bxf6 {[%emt 0:00:05]} 11. c3 {[%emt 0:00:26]} Bg5 {[%emt 0:00:58]} 12. Be2 {[%emt 0:00:32]} O-O {[%emt 0:02:41]} 13. Nc2 {[%emt 0:01:38]} Ne7 {[%emt 0:12:18]} 14. Nxe7+ {[%emt 0:05:03] B33: Sicilian: Pelikan and Sveshnikov Variations} Qxe7 {[%emt 0:00:13]} 15. O-O {[%emt 0:00:15]} Bb7 {[%emt 0:13:50]} 16. Qd3 {[%emt 0:01:21]} (16. Bf3 $11) 16... d5 {[%emt 0:08:14]} 17. exd5 {[%emt 0:01:53]} Rad8 {[%emt 0:00:52]} 18. Ne3 {[%emt 0:03:25]} (18. c4 bxc4 19. Qa3 Qc7 20. Rfd1 Bxd5 21. Qxa6 Ra8 {1-0 (72) Tukhaev,A (2527)-Carlsen,M (2835) St Petersburg 2018}) 18... e4 {[%emt 0:01:11]} 19. Qd4 {[%emt 0:11:42]} f5 {[%emt 0:00:14]} 20. Rad1 $146 {[%emt 0:00:45]} (20. Bd1 $17 {was called for.}) ({Predecessor:} 20. Rfd1 Bf4 21. g3 Be5 22. Nxf5 Rxf5 23. Qxe4 Rxf2 {1-0 (34) Kilian,R (2279)-Achenbach,V Ruhrgebiet 1998}) 20... f4 {[%emt 0:02:42]} 21. d6 {[%emt 0:05:33]} Qf7 {[%emt 0:02:08]} 22. a4 $19 {[%emt 0:06:09]} (22. Qc5 fxe3 23. fxe3) 22... f3 {[%emt 0:09:05]} 23. gxf3 {[%emt 0:01:48]} Bxe3 {[%emt 0:01:02]} 24. Qxe3 {[%emt 0:05:26]} Qg6+ {[%emt 0:00:17]} 25. Kh1 {[%emt 0:00:13]} exf3 {[%emt 0:00:11]} 26. Bc4+ {[%emt 0:00:17]} bxc4 {[%emt 0:00:06]} 27. Rg1 {[%emt 0:00:05]} Qf7 {[%emt 0:10:02]} 28. Qd4 {[%emt 0:09:02]} Rfe8 {[%emt 0:04:22]} 29. h3 {[%emt 0:01:37]} Re4 {[%emt 0:03:17]} 30. Qb6 {[%emt 0:00:46]} Qd7 {[%emt 0:00:10]} 31. Rg3 {[%emt 0:00:37]} Rg4 {[%emt 0:02:05]} 32. Kg1 {[%emt 0:02:37]} Re8 {[%emt 0:03:40]} 33. Qc7 {[%emt 0:01:50]} Bc6 {[%emt 0:00:13]} 34. Qxd7 {[%emt 0:01:36]} Bxd7 {[%emt 0:00:37]} 35. Rd3 0-1

[Event "5th EKA IIFL Investment 2019"]
[Site "Mumbai"]
[Date "2020.01.02"]
[Round "4.46"]
[White "Rohith, Krishna S"]
[Black "Barath Kalyan M"]
[Result "1/2-1/2"]
[WhiteElo "2306"]
[BlackElo "2091"]
[Annotator "TA"]
[PlyCount "86"]
[EventDate "2019.12.30"]
[EventType "swiss"]
[EventCountry "IND"]
[SourceTitle "playchess.com"]
[Source "ChessBase"]
[SourceQuality "1"]

{[%evp 11,86,38,36,8,18,-7,0,-12,0,-12,7,-17,-15,-11,-2,0,4,0,0,-3,12,-30,-19,-68,-62,-104,-103,-89,-89,-96,-91,-85,-42,-39,-45,-39,-55,-41,-53,-43,-25,-13,-19,-26,0,0,0,0,0,0,22,0,0,0,0,0,0,0,200,0,0,0,0,0,0,0,0,0,0,0,0,0,0,0,0,0,0]} 1. Nf3 Nf6 2. g3 b5 3. Bg2 Bb7 4. O-O e6 5. d3 c5 6. e4 d6 7. Qe2 {A05: Réti Opening: 1 Nf3 Nf6} (7. a4 b4 8. a5 Be7 9. Nbd2 O-O 10. Nc4 Nbd7 11. Bf4 d5 12. a6 Bc6 13. Na5 Bb5 14. e5 Ne8 15. c4 bxc3 16. bxc3 {1-0 (30) Amin,B (2704)-Nihal,S (2598) Brest 2019}) 7... Be7 8. c3 O-O 9. Nbd2 a5 10. Rd1 Qb6 11. a4 b4 12. Nc4 Qc7 13. Bf4 e5 14. Bd2 Re8 15. Nh4 $146 Nbd7 16. f4 d5 17. Nxe5 dxe4 18. dxe4 Nxe5 19. fxe5 Qxe5 {[%cal Rf6e4]} 20. Bf4 {[#]} Qe6 $1 {[%cal Rf6e4]} 21. e5 Nd5 {aiming for ...Bxh4.} 22. c4 Nxf4 23. gxf4 Bxg2 24. Nxg2 Rad8 25. Qe4 {[#]} Rd4 $1 {[%mdl 512]} 26. Rxd4 cxd4 27. Qd3 f6 28. Re1 Qc6 29. b3 fxe5 30. Rxe5 Bc5 31. Kf2 Rxe5 32. fxe5 Qh6 33. h4 Qc6 34. Kg3 h6 $2 {[#]} (34... g6 $1 $11) 35. Nf4 $2 ({White should try} 35. h5 $1 $18) 35... Qh1 $11 {The position is equal.} 36. Ng2 Qc1 37. Kg4 Qc3 $1 38. Nf4 Qe1 39. Ng6 Qc3 40. Nf4 Qe1 41. Ng6 Qg1+ 42. Kh5 Qe1 43. Kg4 Qg1+ {Accuracy: White = 52%, Black = 68%.} 1/2-1/2

[Event "5th EKA IIFL Investment 2019"]
[Site "Mumbai"]
[Date "2020.01.02"]
[Round "4.47"]
[White "Saravana, Krishnan P."]
[Black "Sri Sai Baswanth P"]
[Result "1/2-1/2"]
[WhiteElo "2304"]
[BlackElo "2027"]
[Annotator "TA"]
[PlyCount "107"]
[EventDate "2019.12.30"]
[EventType "swiss"]
[EventCountry "IND"]
[SourceTitle "playchess.com"]
[Source "ChessBase"]
[SourceQuality "1"]

{[%evp 10,107,21,9,11,0,0,0,4,0,0,0,0,-2,0,-10,-12,0,-8,-20,0,0,0,-14,-4,-2,89,90,100,97,79,32,39,14,16,0,0,0,0,0,0,0,0,0,30,0,9,0,41,41,43,41,43,43,47,41,43,41,53,44,41,44,54,25,42,31,33,29,92,75,89,41,45,39,38,31,28,3,3,0,0,0,0,0,0,0,0,0,0,0,0,0,0,0,0,0,0,0,0,0]} 1. e4 g6 2. d4 Bg7 3. Nf3 d6 4. Bc4 Nf6 5. Qe2 O-O 6. h3 c6 $146 {B06: Modern Defence} (6... Nfd7 7. O-O Nc6 8. c3 e5 9. Bg5 Qe8 10. Na3 a6 11. Qd2 Nb6 12. Bb3 Na5 13. Bc2 f6 14. Bh4 {0-1 (39) Lagarde,M (2594)-Fedoseev,V (2733) Antalya 2017}) 7. Bb3 e5 8. dxe5 dxe5 9. Nbd2 (9. Nc3 {keeps more tension.} Nbd7 10. Qc4 Nb6 11. Qd3 Qe7 12. Be3) 9... Nbd7 {[%cal Bb8d7,Bd7c5,Bc5a4,Ba4c3][%mdl 32]} 10. O-O Qc7 11. Rd1 Nc5 12. Qe3 b6 13. Bc4 Rd8 14. Re1 Be6 15. Bf1 Nh5 16. b4 Na4 17. Ng5 Qe7 (17... Nf4 $11) 18. Nxe6 $16 Qxe6 {[#]} 19. Qb3 $1 {[%cal Rb3a4]} Qxb3 20. cxb3 Nc3 21. a4 Bf8 $1 22. Nf3 Bxb4 23. Bd2 Nf4 {White should prevent ...Nce2+!} 24. g3 Ne6 25. Re3 $1 Rxd2 $1 26. Nxd2 Nd4 27. Rd3 Rd8 28. Kg2 c5 29. Rc1 Na2 {[#]} 30. Rc2 $1 {[%mdl 512]} Bxd2 $1 (30... Nxc2 31. Rxd8+) 31. Rxa2 Bb4 32. Rd1 Kg7 33. Bc4 f5 34. f3 Rf8 35. exf5 gxf5 36. Kf2 Kf6 37. Ke3 Re8 38. Rg2 Re7 {[#]} (38... h5 $11 {remains equal.}) 39. g4 $1 Rd7 40. Kf2 e4 $1 41. fxe4 fxe4 42. Rf1 Nf3 43. Kg3 {Strongly threatening Be2.} Ke5 {The position is equal.} 44. h4 Nd2 $1 {[%cal Rd2f1]} 45. Rf7 Rxf7 46. Bxf7 $11 {[%mdl 4096] Endgame KRB-KBN} Nf3 $1 47. g5 {Threatens to win with Kg4.} Be1+ 48. Kg4 {h5 is the strong threat.} Bxh4 49. g6 hxg6 50. Bxg6 {aiming for Re2.} Kd4 51. Bxe4 Kxe4 52. Re2+ Kd3 53. Kxf3 Bg5 54. a5 {Accuracy: White = 68%, Black = 65%.} 1/2-1/2

[Event "5th EKA IIFL Investment 2019"]
[Site "Mumbai"]
[Date "2020.01.02"]
[Round "4.48"]
[White "Mohite, Ranveer"]
[Black "Kavinda, Akila"]
[Result "1/2-1/2"]
[WhiteElo "2281"]
[BlackElo "2022"]
[Annotator "ChessBase"]
[PlyCount "94"]
[EventDate "2019.12.30"]
[EventType "swiss"]
[EventCountry "IND"]
[SourceTitle "playchess.com"]
[Source "ChessBase"]
[SourceQuality "1"]
[TimeControl "40/5400+30:1800+30"]

1. e4 g6 2. d4 Bg7 3. Nc3 d6 4. Be3 a6 5. Qd2 b5 6. h4 h6 7. O-O-O Bb7 8. Kb1 Nd7 9. h5 g5 10. f4 gxf4 11. Bxf4 c5 12. Nf3 b4 13. Nd5 cxd4 14. Nxd4 Bxd4 15. Qxd4 e5 16. Qxb4 Bxd5 17. exd5 exf4 18. Qxd6 Qb8 19. Qa3 Qb6 20. Bd3 Qc5 21. Qa4 Ngf6 22. Bf5 Rb8 23. Rhe1+ Kd8 24. Qxf4 Qb4 25. Qc1 Nc5 26. c3 Qa3 27. Re2 Re8 28. Re4 Re6 29. Rxe6 Ne8 30. b4 Qxc1+ 31. Kxc1 Na4 32. Kc2 Nd6 33. g4 Nb6 34. Rd4 Nbc4 35. Bd3 Rc8 36. Bxc4 Rxc4 37. Kd3 Rxd4+ 38. Kxd4 f5 39. g5 hxg5 40. h6 Nf7 41. h7 g4 42. Ke3 g3 43. Kf3 Ng5+ 44. Kxg3 Nxh7 45. Kf4 Nf6 46. c4 Nd7 47. Kxf5 Nb6 1/2-1/2

[Event "5th EKA IIFL Investment 2019"]
[Site "Mumbai"]
[Date "2020.01.02"]
[Round "4.49"]
[White "Kulasekara, D M T Kashyapa"]
[Black "Manish Anto Cristiano F"]
[Result "0-1"]
[WhiteElo "1904"]
[BlackElo "2280"]
[Annotator "ChessBase"]
[PlyCount "63"]
[EventDate "2019.12.30"]
[EventType "swiss"]
[EventCountry "IND"]
[SourceTitle "playchess.com"]
[Source "ChessBase"]
[SourceQuality "1"]
[TimeControl "40/5400+30:1800+30"]

1. e4 {[%emt 0:00:00]} c5 {[%emt 0:00:00]} 2. Nf3 {[%emt 0:00:00]} d6 {[%emt 0:00:06]} 3. d4 {[%emt 0:00:00]} cxd4 {[%emt 0:00:37]} 4. Nxd4 {[%emt 0:00:07]} Nf6 {[%emt 0:00:22]} 5. Nc3 {[%emt 0:00:08]} a6 {[%emt 0:00:29]} 6. f3 {[%emt 0:00:24]} e5 {[%emt 0:00:39]} 7. Nb3 {[%emt 0:00:11]} Be6 {[%emt 0:00:37]} 8. Be3 {[%emt 0:00:28]} h5 {[%emt 0:00:38]} 9. Qd2 {[%emt 0:02:25]} Nbd7 {[%emt 0:00:31]} 10. Nd5 {[%emt 0:02:12]} Bxd5 {[%emt 0:02:37]} 11. exd5 {[%emt 0:00:06]} g6 {[%emt 0:00:20]} 12. O-O-O {[%emt 0:03:28]} Nb6 {[%emt 0:02:11]} 13. Bxb6 {[%emt 0:02:58]} Qxb6 {[%emt 0:00:15]} 14. Kb1 {[%emt 0:00:25]} Rc8 {[%emt 0:03:05]} 15. c4 {[%emt 0:03:39]} Bg7 {[%emt 0:02:46]} 16. Bd3 {[%emt 0:13:53]} O-O {[%emt 0:03:19]} 17. h3 {[%emt 0:07:49]} Rfe8 {[%emt 0:02:44]} 18. Rhe1 {[%emt 0:03:05]} Qc7 {[%emt 0:14:40]} 19. g4 {[%emt 0:06:55]} e4 {[%emt 0:06:40]} 20. fxe4 {[%emt 0:32:56]} hxg4 {[%emt 0:00:31]} 21. Qh2 {[%emt 0:10:26]} gxh3 {[%emt 0:04:22]} 22. Qxh3 {[%emt 0:00:32]} Nd7 {[%emt 0:04:57]} 23. Rg1 {[%emt 0:04:49]} Ne5 {[%emt 0:00:40]} 24. Nd4 {[%emt 0:04:16]} Nxd3 25. Ne6 {[%emt 0:00:45]} Rxe6 {[%emt 0:04:52]} 26. dxe6 {[%emt 0:00:15]} Nxb2 {[%emt 0:04:19]} 27. e7 {[%emt 0:00:15]} f5 {[%emt 0:01:49]} 28. exf5 {[%emt 0:00:57]} Qxe7 {[%emt 0:08:05]} 29. Rde1 {[%emt 0:00:13]} Nxc4 {[%emt 0:02:19]} 30. Qh7+ {[%emt 0:00:44]} Kf8 {[%emt 0:00:01]} 31. Qh8+ {[%emt 0:00:34]} Bxh8 {[%emt 0:00:02]} 32. fxg6 {[%emt 0:00:08]} 0-1